000
00279pam a2200133 a 4500
020
_c
041
_h
082
_a
920
_b
BHA
100
_a
Bhave, S
245
_a
Jeevanagandha
_h
Textual Documents
260
_a
Pune
_b
Shrividhy Prakashan
_c
1987
300
_a
137
930
_a
9937
999
_c
116762
_d
116762